000 02022cam a22004574i 4500
003 PE-LiUPU
005 20250731173056.0
008 150623s r 000 0 d
020 _a0805461892
035 _a(Sirsi) i9780805461893
040 _aPE-LiUPU
_bspa
_cPE-LiUPU
_erda
049 _aPRUA
082 0 4 _a248.487 6
_bT48
_221
100 1 _aThomas, Steve,
_d1961-,
_eautor.
245 1 4 _aThe heart of the problem :
_ba prescription for a deeper experience with God : leader's guide /
_cSteve and Julie Thomas.
264 1 _aNashville, Tennessee :
_bBroadman & Holman Publishers,
_c1995.
300 _a71 páginas :
_bilustraciones, gráficos ;
_c24 centímetros
336 _atext
_2rdacontent
337 _aunmediated
_2rdamedia
338 _avolume
_2rdacarrier
505 0 _aThe myth of complexity. -Peace and satisfaction in this world?. -Most of Us Had a poor start in life!. -God's sharpest tools; my biggest problems. -Why don't you just concentrate on the positive?. -Why is it difficult to walk by a mirror witout looking at ypurself?. -At aht age ist it acceptable to sulk when you can´t have what you want?. -I need to forgive Those soldiers. -Anger Is one letter away from danger. -Your whife has inoperable cancer. -I prayed, but i still don´t want to, you aren´t going to.
526 _aSEG42
526 _aSEG41
526 _aSEG40
526 _aSEG39
526 _aP94
526 _aP87
526 _aP86
526 _aP85
526 _aP77
526 _aP76
526 _aP35
650 0 4 _aVida cristiana.
700 1 _aThomas, Julie,
_d1958-.
942 _2ddc
_cBOOK
949 _a248.487 6 T48
_wDEWEY
_c1
_i48619
_lCCODEBUL1
_mBUL
_r0
_sY
_tBOOK
_u2015-6-24
_xTEOLOGIA
_PP35
_0COMPRA
_o.STAFF. Colección General
994 _aC0
_bPEPRU
596 _a1
999 _a248.487 6 T48
_wDEWEY
_c27788
_i48619
_f2021-11-12
_g5
_lCCODEBUL1
_mBUL
_r0
_sY
_tBOOK
_u2015-6-24
_xTEOLOGIA
_PP35
_0COMPRA
_o.STAFF. Colección General
_d27788
980 _81
_gALBERTO SANCHEZ Responsable de Automatización